[Event "80. Bayerische Schach-Einzelmeisterschaft"]
[Site "Immenstadt"]
[Date "2009.08.25"]
[Time "13:30"]
[Round "4"]
[Board "1"]
[White "Reich, Thomas"]
[WhiteTitle "IM"]
[WhiteTeam "FC Bayern München"]
[WhiteElo "2368"]
[Black "Lentrodt, Thomas"]
[BlackTitle "FM"]
[BlackTeam "FC Bayern München"]
[BlackElo "2304"]
[Result "1/2-1/2"]
[WhiteType "human"]
[BlackType "human"]

1. Nf3 Nf6 2. c4 e6 3. e3 d5 4. d4 Bb4+ 5. Bd2 Be7 6. Nc3 O-O 7. Rc1 c6 8. a3 Nbd7 9. Bd3 dxc4 10. Bxc4 Bd6 11. O-O e5 12. h3 Qe7 13. Qc2 h6 14. Nh4 Nb6 15. Ng6 Qc7 16. Ba2 exd4 17. Nb5 Bh2+ 18. Kh1 Qb8 19. Nxd4 Re8 20. f4 Bg3 21. Rf3 Ne4 22. Ne5 Rxe5 23. fxe5 Qxe5 24. Bxf7+ Kh8 25. Bg6 Nf6 26. Nf5 Bxf5 27. Rxf5 Qe6 28. Rf3 Be5 29. Bf5 Qe8 30. Bc3 Nbd5 31. Bg6 Qe7 32. Bxe5 Qxe5 33. Qf5 Qxb2 34. Qb1 Qxb1 35. Rxb1 Ne7 36. Bc2 b6 37. Rd1 c5 38. Rd6 Rc8 39. g4 Kg8 40. Kg2 Nc6 41. Kg3 Ne5 42. Rf4 Kf7 43. Bf5 Re8 44. h4 Re7 45. a4 c4 46. Rf1 Ke8 47. g5 hxg5 48. hxg5 Nfd7 49. Rh1 Kd8 50. Rd4 Kc7 51. Bxd7 Rxd7 52. Rxd7+ Kxd7 53. Kf4 Ke6 54. e4 Nd3+ 55. Ke3 Nc5 56. Rf1 Nxa4 57. g6 Nc5 58. Rf7 c3 59. Rxg7 c2 60. Kd2 Nxe4+ 61. Kxc2 Kf6 62. Rxa7 Kxg6 63. Ra6 Kf5 64. Rxb6 Ke5 65. Kd3 Nf2+ 66. Ke2 Ne4 67. Ke3 Nc3 68. Kd3 Nd5 69. Rb5 Ke6 70. Kd4 Nf6 71. Re5+ Kd6 72. Rf5 Ke6

[Event "80. Bayerische Schach-Einzelmeisterschaft"]
[Site "Immenstadt"]
[Date "2009.08.25"]
[Time "13:30"]
[Round "4"]
[Board "2"]
[White "Deglmann, Ludwig"]
[WhiteTitle "FM"]
[WhiteTeam "FC Bayern München"]
[WhiteElo "2329"]
[Black "Köpke, Christian"]
[BlackTitle "FM"]
[BlackTeam "SC Tarrasch 45 München"]
[BlackElo "2374"]
[Result "1/2-1/2"]
[WhiteType "human"]
[BlackType "human"]

1. c4 Nf6 2. g3 g6 3. Bg2 Bg7 4. Nc3 O-O 5. d3 d6 6. Bg5 h6 7. Bd2 e5 8. e4 c6 9. Nge2 Be6 10. O-O Na6 11. h3 Qd7 12. Kh2 d5 13. cxd5 cxd5 14. d4 exd4 15. Nxd4 dxe4 16. Nxe6 Qxe6 17. Be3 Rfe8 18. Qa4 Nc7 19. Rfe1 Ncd5 20. Nxd5 Nxd5 21. Bd4 Bxd4 22. Qxd4 Nf6 23. Re2 b6 24. Rae1 Rad8 25. Qa4 Qd7 26. Qb4 Qd4 27. Qb5 Re7 28. Qc6 Rde8 29. b3 Kg7 30. Qc2 e3 31. Rd1 Qb4 32. f4 h5 33. Qc4 Qxc4 34. bxc4 Rc8 35. Rd4 Rec7 36. Rc2 e2 37. Rxe2 Rxc4 38. Rdd2 h4 39. gxh4 R8c7 40. f5 gxf5 41. Re5 R4c5 42. Ree2 Ne4 43. Bxe4 fxe4 44. Rxe4 Rc2 45. Ree2 Rxd2 46. Rxd2 Rc3 47. Rg2+ Kh6 48. a4 Ra3 49. Rg4 Kh7 50. Rb4 Kg6 51. Kg2 f6 52. Rg4+ Kh7 53. Rf4 f5 54. Rb4 Kg6 55. Kh2 Kh5 56. Rf4 Kg6 57. Rb4 Kf6 58. Kg2 Kg6

[Event "80. Bayerische Schach-Einzelmeisterschaft"]
[Site "Immenstadt"]
[Date "2009.08.25"]
[Time "13:30"]
[Round "4"]
[Board "3"]
[White "Fedorovsky, Michael"]
[WhiteTitle ""]
[WhiteTeam "SC Tarrasch 45 München"]
[WhiteElo "2446"]
[Black "Levushkina, Elena"]
[BlackTitle "WGM"]
[BlackTeam "SC Tarrasch 45 München"]
[BlackElo "2239"]
[Result "1/2-1/2"]
[WhiteType "human"]
[BlackType "human"]

1. d4 d5 2. c4 dxc4 3. e3 Nf6 4. Bxc4 e6 5. Nf3 c5 6. O-O a6 7. Bb3 b5 8. a4 b4 9. e4 Bb7 10. e5 Ne4 11. Nbd2 Nxd2 12. Bxd2 cxd4 13. Ng5 Be7 14. Qh5 Bxg5 15. Bxg5 Qd7 16. f4 Bd5 17. Bxd5 Qxd5 18. f5 Nd7 19. fxe6 Qxe6 20. Rae1 d3 21. Qf3 O-O 22. Qxd3 Nxe5 23. Qd4 f6 24. Bf4 Qb3 25. Re3 Qc4 26. Re4 Rac8 27. Qe3 Qd5 28. Rxb4 Rc2 29. Qe4 Qxe4 30. Rxe4 Rxb2 31. Bxe5 fxe5 32. Rxf8+

[Event "80. Bayerische Schach-Einzelmeisterschaft"]
[Site "Immenstadt"]
[Date "2009.08.25"]
[Time "13:30"]
[Round "4"]
[Board "4"]
[White "Kuhn, Tobias"]
[WhiteTitle ""]
[WhiteTeam "SK 1982 Klingenberg/Main"]
[WhiteElo "2218"]
[Black "Meister,Peter"]
[BlackTitle "IM"]
[BlackTeam "FC Bayern München"]
[BlackElo "2396"]
[Result "1/2-1/2"]
[WhiteType "human"]
[BlackType "human"]

1. e4 c5 2. Nf3 e6 3. d4 cxd4 4. Nxd4 Bc5 5. Nb3 Bb6 6. Nc3 Ne7 7. Bd3 O-O 8. Bf4 d5 9. e5 Ng6 10. Bg3 Nc6 11. Qe2 f5 12. exf6 Qxf6 13. Bxg6 Qxg6 14. O-O a5 15. Na4 Ba7 16. c4 d4 17. c5 e5 18. Nb6 Bxb6 19. cxb6 e4 20. Nc5 Re8 21. Rfe1 d3 22. Qe3 Nb4 23. Rac1 Nc2 24. Rxc2 dxc2 25. Qb3+ Be6 26. Qxc2 Rac8 27. Bc7 Bd5 28. Re3 Re7 29. Qd2 Qc6 30. Qd4 Rf8 31. h4 Ref7 32. Rg3 e3 33. fxe3 Bxa2 34. b3 Bb1 35. Bd6 Re8 36. h5 Qxb6 37. h6 Bg6 38. Rf3 gxh6 39. Rxf7 Bxf7 40. Qg4+ Bg6 41. Qc4+ Bf7 42. Qg4+ Bg6 43. Qc4+ Bf7

[Event "80. Bayerische Schach-Einzelmeisterschaft"]
[Site "Immenstadt"]
[Date "2009.08.25"]
[Time "13:30"]
[Round "4"]
[Board "5"]
[White "Grimberg, Boris"]
[WhiteTitle "FM"]
[WhiteTeam "SAbt TSV Haunstetten"]
[WhiteElo "2390"]
[Black "de Francesco, Klaus"]
[BlackTitle "FM"]
[BlackTeam "SK Weilheim"]
[BlackElo "2296"]
[Result "1-0"]
[WhiteType "human"]
[BlackType "human"]

1. e4 e6 2. d4 d5 3. Nd2 Nc6 4. Ngf3 Nf6 5. e5 Nd7 6. Be2 Be7 7. Nf1 f6 8. exf6 Bxf6 9. Ne3 Nb6 10. O-O O-O 11. Ng4 Be7 12. c3 Bd7 13. Bd3 Qe8 14. Qe2 Kh8 15. Nfe5 Nxe5 16. Nxe5 Bf6 17. Bf4 Bc8 18. Qg4 Kg8 19. Rfe1 c5 20. Re3 cxd4 21. Rh3 h6 22. Rxh6 Bxe5 23. Bxe5 Qf7 24. Rh8+

[Event "80. Bayerische Schach-Einzelmeisterschaft"]
[Site "Immenstadt"]
[Date "2009.08.25"]
[Time "13:30"]
[Round "4"]
[Board "6"]
[White "Wagner, Florian"]
[WhiteTitle "FM"]
[WhiteTeam "SC Noris Tarrasch Nürnberg"]
[WhiteElo "2323"]
[Black "Müller, Michael"]
[BlackTitle ""]
[BlackTeam "SC Bayerwald/Regen"]
[BlackElo "2133"]
[Result "1/2-1/2"]
[WhiteType "human"]
[BlackType "human"]

1. e4 d6 2. d4 e5 3. Nf3 exd4 4. Nxd4 Nf6 5. Nc3 Be7 6. Bc4 O-O 7. O-O Nxe4 8. Nxe4 d5 9. Bd3 dxe4 10. Bxe4 Nd7 11. c3 Nf6 12. Bf3 c5 13. Nc2 Qc7 14. Ne3 Be6 15. c4 Rad8 16. Qc2 g6 17. Bd2 Bd6 18. g3 Be5 19. Rad1 b6 20. Rfe1 Bd4

[Event "80. Bayerische Schach-Einzelmeisterschaft"]
[Site "Immenstadt"]
[Date "2009.08.25"]
[Time "13:30"]
[Round "4"]
[Board "7"]
[White "Sternheimer, Erhard"]
[WhiteTitle ""]
[WhiteTeam "SC Bad Königshofen 1957"]
[WhiteElo "2206"]
[Black "Salvermoser, Bernd"]
[BlackTitle "FM"]
[BlackTeam "SF Starnberger See"]
[BlackElo "2314"]
[Result "0-1"]
[WhiteType "human"]
[BlackType "human"]

1. e4 c5 2. Nf3 d6 3. c3 Nf6 4. Bd3 Nc6 5. Bc2 Bg4 6. d3 d5 7. Nbd2 e6 8. O-O Qc7 9. h3 Bh5 10. Qe2 O-O-O 11. Re1 Be7 12. Nf1 h6 13. Ng3 Bg6 14. e5 Nd7 15. Bf4 Kb8 16. a3 Rc8 17. Rac1 Rhe8 18. Qd2 Ka8 19. b4 b5 20. c4 bxc4 21. dxc4 dxc4 22. Bxg6 fxg6 23. b5 Na5 24. Rcd1 Rcd8 25. Qc3 Nb7 26. Qxc4 Bf8 27. Ne4 Nb6 28. Rxd8+ Qxd8 29. Qc2 Nd5 30. Be3 Qa5 31. a4 Rd8 32. Bd2 Qc7 33. Rc1 Rc8 34. Nc3 g5 35. Qe4 Rd8 36. Qg6 Qe7 37. Ne4 Qe8 38. Qxe8 Rxe8 39. a5 Rc8 40. Rc4 Kb8 41. a6 Nd8 42. Ba5 Nf7 43. Kf1 g6 44. g3 Ka8 45. Ke1 Rb8 46. Nxc5 Rc8 47. Nxe6 Rxc4 48. Nxf8 Nxe5 49. Nxe5 Re4+ 50. Kd2 Rxe5 51. Kd3 Nb6 52. Bxb6 axb6 53. Nxg6 Rxb5 54. Ke4 Rc5 55. f4 b5 56. f5 b4 57. Ne5 b3 58. Nd3 Rc3 59. Kd4 Rc6 60. Ke5 Rc3 61. Kd4 b2 62. Nxb2 Rxg3 63. Ke4 Rxh3 64. Nd3 Rh4+ 65. Ke5 Rh3 66. Ke4 Rh1 67. f6 Rf1 68. Ke5 Rf3 69. Nc5 Ka7 70. Ke6 g4 71. Ne4 g3 72. f7 g2 73. Nf6 Rxf6+ 74. Kxf6 g1=Q 75. f8=Q Qf2+

[Event "80. Bayerische Schach-Einzelmeisterschaft"]
[Site "Immenstadt"]
[Date "2009.08.25"]
[Time "13:30"]
[Round "4"]
[Board "9"]
[White "Liepold, Stefan"]
[WhiteTitle ""]
[WhiteTeam "SC Erlangen 48/88"]
[WhiteElo "2240"]
[Black "Lutz, Albert"]
[BlackTitle ""]
[BlackTeam "SK Krumbach"]
[BlackElo "2166"]
[Result "1-0"]
[WhiteType "human"]
[BlackType "human"]

1. e4 e5 2. Nf3 Nf6 3. Nxe5 d6 4. Nf3 Nxe4 5. d4 d5 6. Bd3 Be7 7. O-O Nc6 8. c4 O-O 9. Nc3 Nf6 10. h3 Nb4 11. Be2 dxc4 12. Bxc4 Nbd5 13. Re1 c6 14. Bd3 Re8 15. Ne5 a6 16. a3 Qc7 17. Bg5 Be6 18. Bc2 Rad8 19. Qd3 g6 20. Nxg6 hxg6 21. Rxe6 Nf4 22. Rxe7 Rxe7 23. Qf3 N6d5 24. Nxd5 Nxd5 25. Bb3 Red7 26. Bxd8 Qxd8 27. Rd1 Nf6 28. Qe3 Kg7 29. a4 Re7 30. Qf3 Rd7 31. Qe3 Re7 32. Qf3 Rd7 33. Qc3 Ne4 34. Qe3 Nf6 35. g3 Re7 36. Qf3 Rd7 37. Qe3 Re7 38. Qf3 Rd7 39. Qc3 Ne4 40. Qe3 Nf6 41. g4 Re7 42. Qf3 Rd7 43. g5 Nd5 44. h4 Qe7 45. Kf1 Qd6 46. Re1 Re7 47. Rxe7 Qxe7 48. Bxd5 cxd5 49. Qxd5 Qb4 50. b3 b5 51. axb5 axb5 52. Kg2 Qc3 53. Qe5+ Kg8 54. Qe8+ Kg7 55. Qe3 b4 56. d5 Kf8 57. Kf3 Qc2 58. Kg3 Qc7+ 59. Kg2 Qc3 60. Kg1 Qa1+ 61. Kh2 Qd1 62. Qc5+ Kg7 63. d6 Qd2 64. Qe5+ Kg8 65. Kg2 Qd1 66. Qf4 Qxb3 67. Qd4 Qa2 68. d7 Qa8+ 69. Kf1 Qd8 70. Ke2 b3 71. Kd3 f5 72. gxf6 Kf7 73. Qd5+ Kf8 74. h5 gxh5 75. Qc5+

[Event "80. Bayerische Schach-Einzelmeisterschaft"]
[Site "Immenstadt"]
[Date "2009.08.25"]
[Time "13:30"]
[Round "4"]
[Board "10"]
[White "Gießmann, Stephan"]
[WhiteTitle ""]
[WhiteTeam "SK Kelheim 1920"]
[WhiteElo "2231"]
[Black "Palmi, Herbert"]
[BlackTitle ""]
[BlackTeam "SC Bayerwald/Regen"]
[BlackElo "2134"]
[Result "1-0"]
[WhiteType "human"]
[BlackType "human"]

1. d4 Nf6 2. Nf3 c5 3. c3 d5 4. dxc5 e6 5. b4 a5 6. Qb3 axb4 7. cxb4 b6 8. cxb6 Qxb6 9. b5 Ne4 10. e3 Nd7 11. Be2 Ndc5 12. Qc2 Qa5+ 13. Bd2 Nxd2 14. Nbxd2 Be7 15. O-O O-O 16. Nb3 Nxb3 17. Qxb3 Qa3 18. Nd4 Bf6 19. Qxa3 Rxa3 20. Rfc1 e5 21. Nb3 Be6 22. Nc5 Rb8 23. Nxe6 fxe6 24. Rc6 e4 25. Rb1 Rxa2 26. Kf1 Re8 27. Bg4 Kf7 28. b6 Raa8 29. b7 Rab8 30. Rbb6 Bd8 31. Bxe6+ Rxe6 32. Rxe6 Bxb6 33. Rxb6 Ke7 34. Ke2 Kd7 35. f4 Kc7 36. Rb5 Kc6 37. Rb2 Rxb7 38. Rxb7 Kxb7 39. Kd2 h5 40. g3 Kc6 41. Kc3 Kc5 42. h3 g6 43. g4 hxg4 44. hxg4 Kc6 45. Kd4 Kd6 46. g5 Kc6 47. f5 gxf5 48. g6

[Event "80. Bayerische Schach-Einzelmeisterschaft"]
[Site "Immenstadt"]
[Date "2009.08.25"]
[Time "13:30"]
[Round "4"]
[Board "11"]
[White "Walter, Thomas"]
[WhiteTitle ""]
[WhiteTeam "SC Erlangen 48/88"]
[WhiteElo "2121"]
[Black "Dr. Hofstetter, Hans-Joachim"]
[BlackTitle "FM"]
[BlackTeam "SK 1933 Bad Neustadt"]
[BlackElo "2213"]
[Result "1-0"]
[WhiteType "human"]
[BlackType "human"]

1. e4 e5 2. Nf3 Nc6 3. d4 exd4 4. Bc4 Bc5 5. O-O Nf6 6. e5 d5 7. exf6 dxc4 8. fxg7 Rg8 9. Re1+ Be6 10. Bg5 Be7 11. Bxe7 Kxe7 12. Re4 d3 13. Nbd2 b5 14. a4 a6 15. cxd3 cxd3 16. Qb3 Rb8 17. Rae1 Qd6 18. Ng5 Nd8 19. R4e3 bxa4 20. Qxb8

[Event "80. Bayerische Schach-Einzelmeisterschaft"]
[Site "Immenstadt"]
[Date "2009.08.25"]
[Time "13:30"]
[Round "4"]
[Board "12"]
[White "Schatz, Christian"]
[WhiteTitle "CM"]
[WhiteTeam "SZ Fürth 2002"]
[WhiteElo "2179"]
[Black "Kues, Manuel"]
[BlackTitle ""]
[BlackTeam "TSV Kareth-Lappersdorf"]
[BlackElo "1991"]
[Result "1-0"]
[WhiteType "human"]
[BlackType "human"]

1. Nf3 Nf6 2. d4 g6 3. g3 Bg7 4. Bg2 d6 5. O-O O-O 6. b3 c6 7. Bb2 Qc7 8. Nbd2 Nbd7 9. e4 e5 10. Re1 Re8 11. Nc4 b5 12. dxe5 bxc4 13. exf6 Bxf6 14. Bxf6 Nxf6 15. Qd4 Ng4 16. Qxc4 Qb6 17. Qd4 c5 18. Qd2 Bb7 19. Qf4 Ne5 20. Nxe5 dxe5 21. Qe3 Rad8 22. Rad1 Qa5 23. a4 Rd4 24. c3 Rdd8 25. Bf1 Qb6 26. Bc4 Bc8 27. b4 Bb7 28. a5 Qc7 29. Bb5 Rxd1 30. Rxd1 Rd8 31. Re1 a6 32. Bf1 cxb4 33. cxb4 Rd4 34. Qc1 Qxc1 35. Rxc1 Bxe4 36. Bxa6 Rxb4 37. Bf1 Rb7 38. a6 Ra7 39. Rc8+ Kg7 40. Rb8 Kf6 41. Rb6+ Kf5 42. Bh3+ Kg5 43. Bg2 Kf5 44. h4 Bxg2 45. Kxg2 Ke4 46. Kf1 Kd3 47. Rd6+ Kc4 48. Ke2 Kc5 49. Rf6 e4 50. Ke3 Kd5 51. Kf4 h6 52. g4 h5 53. gxh5 gxh5 54. Rf5+ Kd4 55. Ra5 Kd3 56. Kg5 e3 57. Ra3+ Ke2 58. fxe3

[Event "80. Bayerische Schach-Einzelmeisterschaft"]
[Site "Immenstadt"]
[Date "2009.08.25"]
[Time "13:30"]
[Round "4"]
[Board "13"]
[White "Urytskyy, Michael"]
[WhiteTitle ""]
[WhiteTeam "PTSV SK Hof 1892"]
[WhiteElo "2098"]
[Black "Kunze, Holger"]
[BlackTitle ""]
[BlackTeam "FC Bayern München"]
[BlackElo "2194"]
[Result "1-0"]
[WhiteType "human"]
[BlackType "human"]

1. e4 c6 2. d4 d5 3. exd5 cxd5 4. c4 Nf6 5. Nc3 e6 6. Nf3 Bb4 7. a3 Bxc3+ 8. bxc3 dxc4 9. Bxc4 Qc7 10. Qe2 O-O 11. O-O Nbd7 12. Bd2 b6 13. Bd3 Bb7 14. c4 Rfe8 15. Ne5 Nxe5 16. dxe5 Nd7 17. Rae1 Rad8 18. Bg5 Rc8 19. Qh5 Nf8 20. Re3 Qc5 21. Rh3 g6 22. Qh4 h5 23. Bf6 Nh7 24. Qxh5

[Event "80. Bayerische Schach-Einzelmeisterschaft"]
[Site "Immenstadt"]
[Date "2009.08.25"]
[Time "13:30"]
[Round "4"]
[Board "14"]
[White "Eibl, Maximilian"]
[WhiteTitle ""]
[WhiteTeam "SK Kelheim 1920"]
[WhiteElo "2132"]
[Black "Zehnter, Sebastian"]
[BlackTitle ""]
[BlackTeam "SV Würzburg von 1865"]
[BlackElo "2225"]
[Result "0-1"]
[WhiteType "human"]
[BlackType "human"]

1. e4 c5 2. Na3 b6 3. g3 Bb7 4. Bg2 Nf6 5. d3 e6 6. f4 a6 7. Nf3 d5 8. e5 Nfd7 9. c3 Nc6 10. O-O Qc7 11. Nc2 Be7 12. d4 a5 13. Ne3 Ba6 14. Rf2 O-O-O 15. a3 c4 16. b3 cxb3 17. Qxb3 b5 18. a4 bxa4 19. Qxa4 Nb6 20. Qa2 Kd7 21. Ng5 Ke8 22. h4 h6 23. Nh3 g6 24. h5 gxh5 25. f5 Bg5 26. Nf4 Bxf4 27. gxf4 Rg8 28. fxe6 fxe6 29. f5 h4 30. Kh1 Qg7 31. Ba3 Qg5 32. fxe6 Qxe3 33. Raf1 Bxf1 34. Bxf1 Nc4 35. Be2 Rb8 36. Bd6 Qe4+ 37. Kh2 Rb1 38. Bf1 Qg4 39. Rf8+ Rxf8 40. Qxb1 Rf2+

[Event "80. Bayerische Schach-Einzelmeisterschaft"]
[Site "Immenstadt"]
[Date "2009.08.25"]
[Time "13:30"]
[Round "4"]
[Board "15"]
[White "Kaunzinger, Albert"]
[WhiteTitle ""]
[WhiteTeam "SC Gröbenzell"]
[WhiteElo "2181"]
[Black "Dietrich, Reinhard"]
[BlackTitle ""]
[BlackTeam "TSV Wacker Neutraubling"]
[BlackElo "2133"]
[Result "1-0"]
[WhiteType "human"]
[BlackType "human"]

1. d4 Nf6 2. Bf4 g6 3. e3 Bg7 4. Nf3 d6 5. Be2 O-O 6. O-O Nfd7 7. h3 e5 8. Bh2 Nc6 9. c3 b6 10. a4 Bb7 11. Qb3 a5 12. Na3 Qe7 13. Rfe1 Kh8 14. Rad1 f5 15. Qc4 Rac8 16. b4 e4 17. Nd2 Nf6 18. Qb3 d5 19. b5 Nd8 20. c4 Ne6 21. cxd5 Bxd5 22. Bc4 Rcd8 23. Bxd5 Nxd5 24. Nac4 Qh4 25. Ne5 f4 26. exf4 Nxd4 27. Bg3 Qe7 28. Qc4 Nxf4 29. Nc6 Nxc6 30. Qxc6 Rd4 31. Rxe4 Rxe4 32. Nxe4 Ne2+ 33. Kh2 Nxg3 34. fxg3 Be5 35. Rd7 Qe8 36. Qd5 Bd6 37. Qd4+ Be5 38. Qd5 Bd6 39. Qc6 Be5 40. h4 Kg8 41. Qd5+ Kh8 42. Ng5

[Event "80. Bayerische Schach-Einzelmeisterschaft"]
[Site "Immenstadt"]
[Date "2009.08.25"]
[Time "13:30"]
[Round "4"]
[Board "16"]
[White "Dr. Hornung, Hans"]
[WhiteTitle ""]
[WhiteTeam "SK Klosterlechfeld"]
[WhiteElo "2152"]
[Black "Jussupow, Alexander"]
[BlackTitle ""]
[BlackTeam "SK Krumbach"]
[BlackElo "2071"]
[Result "0-1"]
[WhiteType "human"]
[BlackType "human"]

1. c4 e6 2. Nc3 d5 3. d4 Nf6 4. cxd5 exd5 5. Bg5 Be7 6. e3 Nbd7 7. Qc2 O-O 8. Bd3 Re8 9. Nf3 Nf8 10. O-O c6 11. h3 Bd6 12. Rad1 Ng6 13. Rfe1 Be6 14. a3 Rc8 15. e4 dxe4 16. Nxe4 Be7 17. Nc5 Bd5 18. Ne5 b6 19. Bxf6 Bxf6 20. Ncd7 Bxe5 21. Nxe5 Qg5 22. Ng4 Be6 23. Bxg6 hxg6 24. Re5 Qd8 25. Ne3 Qd7 26. Qd2 Bb3 27. Rxe8+ Rxe8 28. Rc1 Bd5 29. Nxd5 Qxd5 30. Qc3 Re6 31. h4 Qe4 32. g3 Rd6 33. Re1 Qg4 34. Kg2 Kf8 35. Qe3 Re6 36. Qc3 Rxe1 37. Qxe1 Qxd4 38. Qe2 Qd7 39. Kh2 c5 40. Qe4 Kg8 41. Kg1 Kh7 42. Kg2 Kg8 43. Qa8+ Kh7 44. Qe4 a5 45. a4 Qd6 46. b3 f5 47. Qf3 Qd4 48. Qc6 Qb4 49. Qd5 b5 50. axb5 Qxb5 51. h5 Qb6 52. Kf1 Kh6 53. hxg6 Kxg6 54. Kg2 Kf6 55. Qg8 Qb7+ 56. Kg1 Qe7 57. Qb8 Qe1+ 58. Kg2 Qe4+ 59. Kg1 Kg5 60. Qd8+ Kg4 61. Qh4+ Kf3 62. Qh5+ Qg4 63. Qe8 Qd4 64. Qh5+ Ke4 65. Qe8+ Kd3 66. Qb5+ Kc2 67. Qxa5 Kxb3 68. Qb5+ Kc2 69. Qa5 c4 70. Qxf5+ Qd3 71. Qa5 c3 72. Qa2+ Kd1 73. Qa1+ Ke2 74. Qf1+ Kd2 75. Qa1 c2 76. Qa5+ Kd1 77. Qa4 Qc3 78. Qg4+ Kc1 79. Qg5+ Kb1 80. Qb5+ Qb2 81. Qf5 g5 82. g4 Qb4 83. Kg2 Qf4 84. Qb5+ Kc1 85. Qe2 Qd4 86. Qe6 Kd1 87. Kf1 Qd3+ 88. Kg2 c1=Q

[Event "80. Bayerische Schach-Einzelmeisterschaft"]
[Site "Immenstadt"]
[Date "2009.08.25"]
[Time "13:30"]
[Round "4"]
[Board "17"]
[White "Basener, Winfried"]
[WhiteTitle ""]
[WhiteTeam "SC Neuhausen 1908"]
[WhiteElo "2204"]
[Black "Guthmann, Peter"]
[BlackTitle ""]
[BlackTeam "FC Gunzenhausen 1910"]
[BlackElo "2110"]
[Result "0-1"]
[WhiteType "human"]
[BlackType "human"]

1. e4 c5 2. Nf3 d6 3. d4 cxd4 4. Nxd4 Nf6 5. Nc3 a6 6. Bg5 e6 7. f4 Qb6 8. Nb3 Nbd7 9. Qf3 Be7 10. O-O-O Qc7 11. Bd3 h6 12. h4 b5 13. Ne2 Bb7 14. Bxf6 Bxf6 15. g4 g5 16. hxg5 hxg5 17. Rxh8+ Bxh8 18. fxg5 Ne5 19. Qh3 O-O-O 20. Kb1 Kb8 21. Nf4 Nc4 22. Bxc4 bxc4 23. Nd2 c3 24. bxc3 Bxc3 25. Qe3 Rc8 26. Ne2 Be5 27. c3 Qa5 28. Nb3 Qc7 29. Nbd4 Qc4 30. Ka1 Rc5 31. Rb1 Ra5 32. Rb3 Ka8 33. Kb2 Qa4 34. Nc1 Rb5 35. Nd3 Ra5 36. a3 Qc4 37. Rb4 Qc7 38. a4 Bg7 39. Nf2 Rc5 40. Nd1 Rc4 41. Kb3 d5 42. Nb2 Rxb4+ 43. cxb4 dxe4 44. Nc2 Bd5+

[Event "80. Bayerische Schach-Einzelmeisterschaft"]
[Site "Immenstadt"]
[Date "2009.08.25"]
[Time "13:30"]
[Round "4"]
[Board "18"]
[White "Jahrsdörfer, Gerd"]
[WhiteTitle ""]
[WhiteTeam "SC Bad Königshofen 1957"]
[WhiteElo "2190"]
[Black "Lederle, Vitus"]
[BlackTitle ""]
[BlackTeam "SC Dillingen"]
[BlackElo "2168"]
[Result "0-1"]
[WhiteType "human"]
[BlackType "human"]

1. e4 c5 2. c3 d6 3. d4 Nd7 4. Bd3 a6 5. f4 Ngf6 6. Nf3 e6 7. O-O Be7 8. Nbd2 cxd4 9. cxd4 O-O 10. Qe2 e5 11. fxe5 dxe5 12. Nxe5 Nxe5 13. dxe5 Qd4+ 14. Kh1 Qxe5 15. Nf3 Qh5 16. e5 Ng4 17. Bf4 Nh6 18. Bxh7+ Kxh7 19. Ng5+ Kg6 20. Qd3+ Bf5 21. Ne4 Rfd8 22. Qe3 Ng4 23. Qf3 Rd4 24. Nd6 Bxd6 25. exd6 Re8 26. Rad1 Rxd1 27. Rxd1 Nf2+

[Event "80. Bayerische Schach-Einzelmeisterschaft"]
[Site "Immenstadt"]
[Date "2009.08.25"]
[Time "13:30"]
[Round "4"]
[Board "19"]
[White "Verlatov, Artjom"]
[WhiteTitle ""]
[WhiteTeam "PTSV SK Hof 1892"]
[WhiteElo "2051"]
[Black "Schindler, Viktor"]
[BlackTitle ""]
[BlackTeam "PTSV SK Hof 1892"]
[BlackElo "2144"]
[Result "1-0"]
[WhiteType "human"]
[BlackType "human"]

1. e4 c5 2. Nf3 d6 3. d4 cxd4 4. Nxd4 Nf6 5. Nc3 Nc6 6. Bg5 e6 7. Qd2 a6 8. O-O-O Bd7 9. f3 Rc8 10. g4 Nxd4 11. Qxd4 Qa5 12. Be3 Bc6 13. Kb1 b5 14. Qd2 b4 15. Ne2 Nxe4 16. Qe1 Bd5 17. Rxd5 Qxd5 18. fxe4 Qxe4 19. Nd4 Qb7 20. Bd3 Be7 21. h4 Bf6 22. g5 Bxd4 23. Bxd4 O-O 24. h5 e5 25. Bf2 g6 26. Qf1 Ra8 27. Qh3 Rae8 28. Bc4 Kh8 29. Bxa6 Qe7 30. Bd3 Rg8 31. Qf3 Qe6 32. Bc4 Qf5 33. Qxf5 gxf5 34. Bxf7 Rgf8 35. Bxe8 Rxe8 36. c3 bxc3 37. bxc3 f4 38. Kc2 e4 39. Rh4 e3 40. Rxf4 exf2 41. Rxf2 Re5 42. Rg2 Kg7 43. Kb3 Re1 44. Rd2 Rg1 45. Rxd6 Rxg5 46. h6+ Kf8 47. c4 Rh5 48. Kb4 Ke7 49. c5 Rh2 50. a4 Rb2+ 51. Ka5 Rc2 52. Kb5 Rb2+ 53. Kc6 Ra2 54. Rd7+ Kf6 55. Rxh7 Rxa4 56. Rd7